WWE Smackdown - 2006: Wrestlers by Year - Statistics

General Stats
  • This quiz has been taken 177 times
  • The average score is 27 of 64
Answer Stats
Date of First Match Wrestler % Correct
January 6 Rey Mysterio
85%
February 10 The Undertaker
85%
May 19 Kane
82%
January 6 Randy Orton
79%
January 6 John Bradshaw Layfield
78%
January 6 Matt Hardy
78%
September 29 John Cena
77%
January 6 Batista
75%
September 8 Chavo Guerrero
75%
March 3 Booker T
73%
January 13 Kurt Angle
73%
January 6 Mark Henry
73%
January 6 Chris Benoit
72%
October 27 The Big Show
72%
October 13 MVP
70%
January 20 Finlay
66%
April 21 The Great Khali
65%
January 13 Bobby Lashley
62%
January 6 Johnny Nitro
60%
January 6 Joey Mercury
58%
June 9 Mr. Kennedy
57%
January 13 Paul London
53%
January 13 Brian Kendrick
52%
May 19 Melina
52%
February 17 The Boogeyman
49%
February 10 Gregory Helms
48%
June 9 Michelle McCool
48%
January 13 William Regal
48%
January 13 Orlando Jordan
46%
August 4 KC James
44%
March 31 Jamie Noble
43%
September 1 The Miz
42%
January 13 Psicosis
39%
January 13 Super Crazy
39%
January 6 Kid Kash
36%
January 13 Nunzio
35%
January 13 Animal
34%
January 13 Simon Dean
33%
January 27 Funaki
32%
June 9 Ashley
30%
February 24 Tatanka
29%
January 6 Juventud
28%
October 27 Layla
28%
March 10 Jillian Hall
27%
January 27 Scotty 2 Hotty
26%
October 20 Dave Taylor
23%
September 29 Jimmy Wang Yang
23%
January 13 Paul Burchill
22%
January 13 Vito
22%
January 20 Daivari
21%
April 7 Gunner Scott
20%
January 13 Sylvan
18%
August 4 Idol Stevens
16%
August 4 Elijah Burke
14%
January 27 Chad Dick
12%
January 27 James Dick
12%
January 20 Jesse Gymini
11%
March 10 Kristal
11%
January 20 Jake Gymini
10%
July 28 Sylvester Terkay
7%
February 3 Octagoncito
2%
February 10 Mascarita Sagrada
1%
February 10 Pequeño Violencia
1%
February 3 Tsuki
1%
No matching quizzes found
Score Distribution
Percent of People with Each Score
Percentile by Number Answered
Your Score History
You have not taken this quiz